Learning Resource and Development

Mechanics of materials / (Record no. 28433)

MARC details
000 -LEADER
fixed length control field 01284nam a2200313 i 4500
003 - CONTROL NUMBER IDENTIFIER
control field CSPC
005 - DATE AND TIME OF LATEST TRANSACTION
control field 20241126155732.0
008 - FIXED-LENGTH DATA ELEMENTS--GENERAL INFORMATION
fixed length control field 241113s2018 ii a 001 0 eng d
020 ## - INTERNATIONAL STANDARD BOOK NUMBER
International Standard Book Number 9789332584037
040 ## - CATALOGING SOURCE
Transcribing agency CSPC
Original cataloging agency CSPC
Language of cataloging eng
Description conventions rda
050 00 - LIBRARY OF CONGRESS CALL NUMBER
Classification number TA405
082 04 - DEWEY DECIMAL CLASSIFICATION NUMBER
Classification number 620.1123
Item number H521m
Edition number 23
100 1# - MAIN ENTRY--PERSONAL NAME
Personal name Hibbeler, R. C.,
Relator term author.
245 10 - TITLE STATEMENT
Title Mechanics of materials /
Statement of responsibility, etc. R.C. Hibbeler.
250 ## - EDITION STATEMENT
Edition statement Ninth edition
250 ## - EDITION STATEMENT
Edition statement SI edition.
264 #1 - PRODUCTION, PUBLICATION, DISTRIBUTION, MANUFACTURE, AND COPYRIGHT NOTICE
Place of production, publication, distribution, manufacture [Place of publication not identified] :
Name of producer, publisher, distributor, manufacturer Pearson India,
Date of production, publication, distribution, manufacture, or copyright notice 2018.
300 ## - PHYSICAL DESCRIPTION
Extent xix, 874 pages :
Other physical details illustrations ;
Dimensions 25 cm.
336 ## - CONTENT TYPE
Content type term text
Source rdacontent
337 ## - MEDIA TYPE
Media type term unmediated
Source rdamedia
338 ## - CARRIER TYPE
Carrier type term volume
Source rdacarrier
500 ## - GENERAL NOTE
General note Includes index.
505 0# - FORMATTED CONTENTS NOTE
Formatted contents note Stress -- Strain -- Mechanical properties of materials -- Axial load -- Torsion -- Bending -- Transverse shear -- Combined loadings -- Stress transformation -- Strain transformation -- Design of beams and shafts -- Deflection of beams and shafts -- Buckling of columns -- Energy methods.
650 #0 - SUBJECT ADDED ENTRY--TOPICAL TERM
Topical term or geographic name entry element Strength of materials.
650 #0 - SUBJECT ADDED ENTRY--TOPICAL TERM
Topical term or geographic name entry element Materials.
650 #0 - SUBJECT ADDED ENTRY--TOPICAL TERM
Topical term or geographic name entry element Mechanics, Applied.
942 ## - ADDED ENTRY ELEMENTS (KOHA)
Source of classification or shelving scheme Dewey Decimal Classification
Suppress in OPAC No
Koha item type Books
Classification part 620.1123
Call number prefix ENG
Call number suffix 2018
Edition 23
Holdings
Withdrawn status Lost status Source of classification or shelving scheme Damaged status Not for loan Home library Current library Shelving location Date acquired Total Checkouts Full call number Barcode Date last seen Copy number Price effective from Koha item type
    Dewey Decimal Classification     Main Library Main Library Engineering Section 11/13/2024   ENG 620.1123 H521m 2018 028549 11/13/2024 1-1 11/13/2024 Books